000 00777nam a22002297a 4500
005 20170124110203.0
010 _aB-182464
020 _c00.00
_a0600724530
035 _aB-182464
037 _bCen Lib/Ret
040 _aDPL
_bEN
082 _a001
_bLEO
100 _aLeokum, Arkady
_991021
245 _aStill more tell me why :
_cby Arkady Leokum
_banswers to hundreds of questions children ask /
260 _aEngland
_bHamlyn Publishing
_c1986
270 _bEngland
_aBridge House, London Road, Twickenham, Middlesex
300 _a399p. :
_c23cm(Hb)
_bill.
500 _aIncludes index
650 _aChildren's questions and answers -- Juvenile literature
_936618
650 _aChildren's questions and answers
_991022
942 _2ddc
_cEN
_h001
_mLEO
999 _c133037
_d133037